[Event "28th Czech Open E 2018"]
[Site "Pardubice CZE"]
[Date "2018.07.13"]
[Round "3.2"]
[White "Jedlicka, Ales"]
[Black "Belyakov, Bogdan"]
[Result "1/2-1/2"]
[WhiteTitle "FM"]
[BlackTitle "IM"]
[WhiteElo "2221"]
[BlackElo "2489"]
[WhiteTeam "CAPTAIN DAVE"]
[BlackTeam "YAMAL 1"]
[WhiteFideId "304824"]
[BlackFideId "24104795"]
[EventDate "2018.07.12"]
[EventType "team"]

1. d4 d5 2. c4 dxc4 3. Nf3 a6 4. e3 Bg4 5. Bxc4 e6 6. h3 Bh5 7. O-O Nf6 8. Nc3
Nc6 9. Be2 Bd6 10. a3 O-O 11. b4 Qe8 12. Bb2 Rd8 13. Qb3 e5 14. dxe5 Nxe5 15.
Nd4 Bg6 16. Rad1 b5 17. Rfe1 c5 18. bxc5 Bxc5 19. Nf3 Nd3 20. Bxd3 Bxd3 21. Nd5
Rxd5 22. Rxd3 Qe6 23. Rxd5 Qxd5 24. Qxd5 Nxd5 25. Rc1 Be7 26. Rc6 Ra8 27. Nd4
Bf6 28. Rd6 Nc7 29. Rc6 Nd5 30. Rd6 Ne7 31. g4 h6 32. Bc3 Rc8 33. Bb4 Bxd4 34.
exd4 Nc6 35. Bc5 a5 36. Rd7 b4 37. axb4 axb4 38. Rb7 Rd8 39. Kg2 Rd5 40. Rb6
Nxd4 41. Bxb4 Ne6 42. Bd6 g5 43. Bg3 Kg7 44. h4 gxh4 45. Bxh4 h5 46. gxh5 Rxh5
47. Bg3 Kg6 48. Kf3 Ra5 49. Rb8 Ra3+ 50. Kg2 Ra4 51. Rb6 1/2-1/2

[Event "28th Czech Open E 2018"]
[Site "Pardubice CZE"]
[Date "2018.07.13"]
[Round "3.3"]
[White "Potapov, Alexander1"]
[Black "Horak, Ales"]
[Result "1-0"]
[WhiteTitle "GM"]
[WhiteElo "2404"]
[BlackElo "2122"]
[WhiteTeam "YAMAL 1"]
[BlackTeam "CAPTAIN DAVE"]
[WhiteFideId "4115074"]
[BlackFideId "348953"]
[EventDate "2018.07.12"]
[EventType "team"]

1. d4 Nf6 2. c4 g6 3. Nc3 d5 4. Bf4 Bg7 5. e3 c6 6. h3 O-O 7. Nf3 Nbd7 8. Rc1
Re8 9. cxd5 cxd5 10. Nb5 Qa5+ 11. Qd2 Qxd2+ 12. Kxd2 Rf8 13. Nc7 Rb8 14. Bd3
Ne4+ 15. Ke2 e6 16. Rc2 b6 17. Nb5 e5 18. Nxe5 Nxe5 19. Bxe5 Bxe5 20. dxe5 Nc5
21. Nd6 Be6 22. b4 Nd7 23. f4 f6 24. exf6 Nxf6 25. g4 Rbd8 26. Nb5 Rf7 27. Nd4
Bc8 28. Rhc1 Bb7 29. Rc7 Rdd7 30. Rxd7 Rxd7 31. g5 Nh5 32. Kf3 Ng7 33. Bb5 Re7
34. Bc6 Bxc6 35. Rxc6 Rd7 36. Rc8+ Kf7 37. Nc6 Ke6 38. Ne5 Rb7 39. b5 Nf5 40.
Nc6 Kd6 41. Nd4 Nxd4+ 42. exd4 Rf7 43. Kg4 Re7 44. Rd8+ Ke6 45. h4 Rc7 46. Re8+
Kf7 47. Rh8 Ke6 48. Re8+ Kf7 49. Re5 Rc2 50. a3 Rc3 51. Rxd5 Rxa3 52. Rd7+ Kg8
53. h5 Ra5 54. h6 Rxb5 55. Rg7+ Kh8 56. Rxa7 Kg8 57. Rg7+ Kh8 58. Rd7 Kg8 59. d5
Rc5 60. d6 Rd5 61. Rg7+ Kf8 62. d7 b5 63. Rxh7 b4 64. Rh8+ Ke7 65. d8=Q+ 1-0

[Event "28th Czech Open E 2018"]
[Site "Pardubice CZE"]
[Date "2018.07.13"]
[Round "3.4"]
[White "Chmel, Kristian"]
[Black "Krapivin, Vladislav"]
[Result "1/2-1/2"]
[BlackTitle "IM"]
[WhiteElo "2121"]
[BlackElo "2310"]
[WhiteTeam "CAPTAIN DAVE"]
[BlackTeam "YAMAL 1"]
[WhiteFideId "344281"]
[BlackFideId "4126149"]
[EventDate "2018.07.12"]
[EventType "team"]

1. e4 d6 2. d4 Nf6 3. Nc3 e5 4. Nf3 Nbd7 5. Bc4 Be7 6. O-O O-O 7. Re1 c6 8. a4
b6 9. d5 Bb7 10. dxc6 Bxc6 11. b3 Nc5 12. Nd2 Qd7 13. f3 d5 14. exd5 Nxd5 15.
Nxd5 Bxd5 16. Bxd5 Qxd5 17. Nc4 Qxd1 18. Rxd1 Rad8 19. Ba3 f6 20. Ne3 Kf7 21.
Nf5 Rfe8 22. Nxe7 Kxe7 23. Kf2 Ke6 24. Ke2 f5 25. Rxd8 Rxd8 26. Rd1 Rc8 27. Bxc5
bxc5 28. c4 Rb8 29. Rd5 Rxb3 30. Rxc5 Rb2+ 31. Kf1 g5 32. Rc6+ Kd7 33. Rh6 e4
34. Rxh7+ Kd6 35. fxe4 fxe4 36. Rxa7 Ke5 37. Rh7 Kd4 38. Rh3 Ra2 39. Rg3 Ra1+
40. Ke2 Ra2+ 41. Kf1 Ra1+ 42. Ke2 Ra2+ 43. Kf1 Ra1+ 44. Ke2 1/2-1/2

[Event "28th Czech Open E 2018"]
[Site "Pardubice CZE"]
[Date "2018.07.13"]
[Round "3.1"]
[White "Vrana, Jan"]
[Black "Cerveny, Martin"]
[Result "1-0"]
[WhiteTitle "FM"]
[BlackTitle "IM"]
[WhiteElo "2328"]
[BlackElo "2359"]
[WhiteTeam "2222 SK POLABINY A (MCR)"]
[BlackTeam "2222 SK POLABINY B (MCR)"]
[WhiteFideId "322369"]
[BlackFideId "321141"]
[EventDate "2018.07.12"]
[EventType "team"]

1. e4 c5 2. c3 g6 3. d4 cxd4 4. cxd4 d5 5. exd5 Nf6 6. Nc3 Bg7 7. Qb3 O-O 8. Be2
Nbd7 9. Bf3 Nb6 10. Nge2 Bg4 11. Bxg4 Nxg4 12. O-O Nf6 13. Nf4 Rc8 14. Re1 Re8
15. a4 g5 16. Nfe2 h6 17. a5 Nbxd5 18. Qxb7 Rc7 19. Qb5 Qa8 20. Qd3 Rd8 21. Qg3
Rcd7 22. h4 Nh5 23. Qh3 Nhf4 24. Bxf4 Nxf4 25. Nxf4 gxf4 26. Ne2 e6 27. Qg4 f3
28. gxf3 Kh8 29. Qf4 Rd5 30. Qxf7 Rf5 31. Qxe6 Qxf3 32. Qe3 Qg4+ 33. Qg3 Qh5 34.
Nf4 Qf7 35. Re7 Rxf4 36. Rxf7 Rxf7 37. Rd1 Rd5 38. b4 Bf8 39. Qb3 Rdf5 40. Rd2
Be7 41. d5 Bxh4 42. d6 Bd8 43. d7 a6 44. Qc4 Re7 45. Qc8 Re1+ 46. Kg2 Rg5+ 47.
Kf3 Rf5+ 48. Kg4 Rg5+ 49. Kf4 Rg8 50. Rd5 Re6 51. Re5 Rf6+ 52. Ke3 Rff8 53. Qxa6
Bf6 54. Re6 Bg5+ 55. Ke2 1-0

[Event "28th Czech Open E 2018"]
[Site "Pardubice CZE"]
[Date "2018.07.13"]
[Round "3.2"]
[White "Ludvik, Tomas"]
[Black "Novotny, Michal"]
[Result "0-1"]
[BlackTitle "FM"]
[WhiteElo "2048"]
[BlackElo "2304"]
[WhiteTeam "2222 SK POLABINY B (MCR)"]
[BlackTeam "2222 SK POLABINY A (MCR)"]
[WhiteFideId "367664"]
[BlackFideId "310980"]
[EventDate "2018.07.12"]
[EventType "team"]

1. d4 Nf6 2. Nf3 d5 3. Bf4 c5 4. e3 Nc6 5. c3 g6 6. h3 Bg7 7. Nbd2 O-O 8. Be2
Nd7 9. O-O e5 10. dxe5 Ndxe5 11. Nxe5 Nxe5 12. Nf3 Re8 13. Qb3 c4 14. Qd1 Nc6
15. Qd2 h6 16. Rad1 Be6 17. Rfe1 b5 18. Nd4 Nxd4 19. exd4 Kh7 20. Bf3 a5 21. Re2
b4 22. Rde1 Qd7 23. Qc1 Bf8 24. Qd2 Qa4 25. h4 h5 26. Qc1 Qd7 27. Qd2 Ra6 28.
Re5 Bg7 29. R5e2 Rb6 30. Qc1 Ra8 31. Bg5 a4 32. Qf4 a3 33. Bf6 Bh6 34. Bg5 Bf8
35. Bf6 b3 36. bxa3 b2 37. Rb1 Bf5 38. Rbxb2 Rxf6 39. Qe5 Rd6 40. a4 Bd3 41. Re3
Bh6 0-1

[Event "28th Czech Open E 2018"]
[Site "Pardubice CZE"]
[Date "2018.07.13"]
[Round "3.3"]
[White "Bujnoch, Radek"]
[Black "Varejcko, Josef"]
[Result "1/2-1/2"]
[WhiteElo "2208"]
[BlackElo "2216"]
[WhiteTeam "2222 SK POLABINY A (MCR)"]
[BlackTeam "2222 SK POLABINY B (MCR)"]
[WhiteFideId "313300"]
[BlackFideId "303178"]
[EventDate "2018.07.12"]
[EventType "team"]

1. e4 c6 2. d4 g6 3. Nc3 Bg7 4. Nf3 d5 5. h3 dxe4 6. Nxe4 Nf6 7. Nxf6+ exf6 8.
Be2 O-O 9. O-O Be6 10. c4 f5 11. Qd2 f6 12. b3 a5 13. Rd1 Kh8 14. Ba3 Re8 15. d5
Bg8 16. Rac1 Nd7 17. dxc6 bxc6 18. Rc2 Ne5 19. Nxe5 fxe5 20. Qe3 Qh4 21. Rd7 f4
22. Qc3 a4 23. Bb2 a3 24. Ba1 Re7 25. Rxe7 Qxe7 26. Bf3 Rd8 27. Rd2 Rxd2 28.
Qxd2 c5 29. Be4 Bf6 30. f3 Be6 31. Kf1 Kg7 32. Ke2 Kh6 33. Qa5 Bh4 34. Qxa3 Qg5
35. Qb2 Qxg2+ 36. Kd1 Qf1+ 37. Kc2 Bf6 38. a4 Bf5 39. Bxf5 gxf5 40. Qc3 Qxh3 41.
a5 Qg2+ 42. Kb1 Qg7 43. a6 Qc7 44. b4 cxb4 45. Qxb4 Qc6 46. Qb7 Qxc4 47. a7 Qd3+
48. Ka2 Qc4+ 49. Ka3 Qd3+ 50. Ka4 Qc4+ 51. Ka3 Qd3+ 52. Ka4 1/2-1/2

[Event "28th Czech Open E 2018"]
[Site "Pardubice CZE"]
[Date "2018.07.13"]
[Round "3.4"]
[White "Vesely, Tomas"]
[Black "Lahner, Jakub"]
[Result "1/2-1/2"]
[BlackTitle "FM"]
[WhiteElo "2077"]
[BlackElo "2310"]
[WhiteTeam "2222 SK POLABINY B (MCR)"]
[BlackTeam "2222 SK POLABINY A (MCR)"]
[WhiteFideId "309648"]
[BlackFideId "313360"]
[EventDate "2018.07.12"]
[EventType "team"]

1. e4 e6 2. d4 d5 3. e5 c5 4. c3 Nc6 5. Nf3 Bd7 6. Be2 Nh6 7. Bxh6 gxh6 8. O-O
Qb6 9. Qd2 Bg7 10. Na3 O-O 11. Nc2 cxd4 12. cxd4 f6 13. exf6 Rxf6 14. b4 Be8 15.
b5 Ne7 16. Ne5 Rf8 17. a4 Ng6 18. Nd3 Qd6 19. g3 Ne7 20. f4 Bg6 21. Ne5 Bxc2 22.
Qxc2 Qb4 23. Qd3 Nf5 24. Rfd1 Rac8 25. Bg4 Rc3 26. Bxf5 Rxf5 27. Qd2 Bxe5 28.
fxe5 Kg7 29. Rab1 Qc4 30. Rbc1 Rff3 31. Rxc3 Qxc3 32. Qe2 Qe3+ 33. Qxe3 Rxe3 34.
Rc1 Ra3 35. Rc7+ Kg6 36. Rxb7 Rxa4 37. Kg2 Kf5 38. Rxh7 Rxd4 39. Rxa7 Rb4 40.
Rh7 Kxe5 41. Rxh6 Rxb5 42. g4 Rb3 43. h4 d4 44. g5 Kf5 45. Rf6+ Kg4 46. Rxe6 1/2-1/2

[Event "28th Czech Open E 2018"]
[Site "Pardubice CZE"]
[Date "2018.07.13"]
[Round "3.1"]
[White "Konopka, Michal"]
[Black "Novotny, Jaroslav1"]
[Result "1-0"]
[WhiteTitle "IM"]
[WhiteElo "2359"]
[BlackElo "2173"]
[WhiteTeam "SK ZIKUDA TURNOV A (MCR)"]
[BlackTeam "SK ZIKUDA TURNOV B (MCR)"]
[WhiteFideId "308633"]
[BlackFideId "303321"]
[EventDate "2018.07.12"]
[EventType "team"]

1. Nf3 d5 2. d4 Nf6 3. c4 e6 4. g3 dxc4 5. Bg2 c5 6. O-O Nc6 7. dxc5 Qxd1 8.
Rxd1 Bxc5 9. Nbd2 c3 10. bxc3 e5 11. Nc4 Ng4 12. Nd6+ Bxd6 13. Rxd6 O-O 14. Rb1
Re8 15. Ng5 Rd8 16. Ba3 Nf6 17. Bxc6 Rxd6 18. Bxd6 bxc6 19. Bxe5 Nd7 20. Bd4 Ba6
21. Kf1 Re8 22. Rb2 c5 23. Be3 Nb6 24. Rd2 Na4 25. Ne4 Bc8 26. Bxc5 Bh3+ 27. Ke1
h6 28. Nd6 Rb8 29. Bb4 a5 30. Bxa5 Rb1+ 31. Rd1 Rb2 32. f3 Rxa2 33. Rd2 Nb2 34.
Kf2 Be6 35. Bb4 Bb3 36. Kg2 Nd1 37. Rxa2 Bxa2 38. e4 Nb2 39. Kf2 f6 40. Nf5 Nc4
41. Ke2 Bb1 42. Ne3 Nxe3 43. Kxe3 Kf7 44. c4 h5 45. Kd4 Ke6 46. Bf8 Kf7 47. Bd6
Ke6 48. Bb8 Bc2 49. f4 Ba4 50. f5+ Kd7 51. c5 Bc6 52. e5 Ke8 53. e6 Bf3 54. Bd6
Bg2 55. Ke3 Bc6 56. Kf4 Bg2 57. Bc7 Ke7 58. Bd6+ Ke8 59. g4 hxg4 60. Kxg4 Be4
61. h4 Kd8 62. Kf4 Bd3 63. c6 Ke8 64. c7 Ba6 65. Kg3 Bc8 66. Kg4 Ba6 67. Kh5 g6+
68. fxg6 Bc8 69. g7 Bxe6 70. g8=B 1-0

[Event "28th Czech Open E 2018"]
[Site "Pardubice CZE"]
[Date "2018.07.13"]
[Round "3.2"]
[White "Hacha, Ales"]
[Black "Cech, Pavel"]
[Result "1/2-1/2"]
[BlackTitle "IM"]
[WhiteElo "2088"]
[BlackElo "2345"]
[WhiteTeam "SK ZIKUDA TURNOV B (MCR)"]
[BlackTeam "SK ZIKUDA TURNOV A (MCR)"]
[WhiteFideId "315796"]
[BlackFideId "302139"]
[EventDate "2018.07.12"]
[EventType "team"]

1. e4 e6 2. d4 d5 3. exd5 exd5 4. Bf4 Be6 5. c3 Bd6 6. Bxd6 Qxd6 7. Nf3 Nf6 8.
Bd3 O-O 9. O-O Nbd7 10. Nbd2 Rfe8 11. Re1 Bg4 12. Qc2 Bh5 1/2-1/2

[Event "28th Czech Open E 2018"]
[Site "Pardubice CZE"]
[Date "2018.07.13"]
[Round "3.3"]
[White "Sodoma, Jan"]
[Black "Broucek, Tomas"]
[Result "1-0"]
[WhiteTitle "IM"]
[WhiteElo "2342"]
[BlackElo "2170"]
[WhiteTeam "SK ZIKUDA TURNOV A (MCR)"]
[BlackTeam "SK ZIKUDA TURNOV B (MCR)"]
[WhiteFideId "323195"]
[BlackFideId "339555"]
[EventDate "2018.07.12"]
[EventType "team"]

1. Nf3 Nf6 2. c4 c5 3. Nc3 Nc6 4. g3 g6 5. b3 Bg7 6. Bb2 O-O 7. Bg2 e5 8. O-O d6
9. e3 Ne8 10. a3 f5 11. Qc2 Nf6 12. Rad1 h6 13. d4 cxd4 14. exd4 e4 15. Ne1 d5
16. f3 dxc4 17. bxc4 Nxd4 18. Qf2 exf3 19. Nxf3 Ng4 20. Rxd4 Bxd4 21. Qxd4 Qxd4+
22. Nxd4 Ne3 23. Bd5+ Nxd5 24. Nxd5 Bd7 25. Nf3 Be6 26. Nc7 Bxc4 27. Rc1 b5 28.
Nxa8 Rxa8 29. Ne5 Rc8 30. Nxg6 Kf7 31. Ne5+ Ke6 32. Kf2 Rd8 33. Ke3 Bd5 34. Rc7
a5 35. Ng6 Be4 36. Re7+ Kd5 37. Rc7 Re8 38. Bc3 Kd6 39. Ra7 a4 40. Kd4 Bg2 41.
Bb4+ Kc6 42. Ne7+ 1-0

[Event "28th Czech Open E 2018"]
[Site "Pardubice CZE"]
[Date "2018.07.13"]
[Round "3.4"]
[White "Vitak, Jiri"]
[Black "Vltavsky, Vladimir"]
[Result "1/2-1/2"]
[WhiteElo "2069"]
[BlackElo "2201"]
[WhiteTeam "SK ZIKUDA TURNOV B (MCR)"]
[BlackTeam "SK ZIKUDA TURNOV A (MCR)"]
[WhiteFideId "358959"]
[BlackFideId "309958"]
[EventDate "2018.07.12"]
[EventType "team"]

1. d4 c5 2. d5 e5 3. c4 d6 4. e4 Be7 5. Ne2 Bg5 6. Nd2 Na6 7. Nc3 Nc7 8. Be2 Bd7
9. a3 b6 10. b4 Nh6 11. h4 Be7 12. Nf1 Bxh4 13. Bxh6 gxh6 14. Bg4 Bg5 15. Ng3
Rg8 16. Bxd7+ Qxd7 17. Nf5 Rg6 18. bxc5 dxc5 19. d6 Ne6 20. Nd5 Rd8 21. g3 Kf8
22. Nde7 Nd4 23. Nxg6+ fxg6 24. Nxd4 cxd4 25. f4 Bf6 26. fxe5 Bxe5 27. O-O+ Kg7
28. Qf3 h5 29. Kg2 1/2-1/2

[Event "28th Czech Open E 2018"]
[Site "Pardubice CZE"]
[Date "2018.07.13"]
[Round "3.2"]
[White "Danada, Tomas"]
[Black "Bartos, Jan"]
[Result "1/2-1/2"]
[BlackTitle "FM"]
[WhiteElo "2257"]
[BlackElo "2153"]
[WhiteTeam "PITNY REZIM"]
[BlackTeam "SIESTA SOLUTION"]
[WhiteFideId "14919362"]
[BlackFideId "315060"]
[EventDate "2018.07.12"]
[EventType "team"]

1. c4 e6 2. Nf3 d5 3. d4 Nf6 4. g3 Bb4+ 5. Bd2 Be7 6. Bg2 O-O 7. O-O c6 8. Nc3
b6 9. Ne5 Nfd7 10. Nxd7 Nxd7 11. Qa4 Bb7 12. Rfd1 Nf6 13. Be1 Qd7 14. Rac1 Rfd8
15. e4 dxe4 16. Nxe4 c5 17. Qxd7 Rxd7 18. Nxf6+ Bxf6 19. dxc5 Rxd1 20. Rxd1 Bxg2
21. Kxg2 bxc5 22. b3 Bd4 23. b4 a6 24. Kf3 Kf8 25. a4 Ke8 26. g4 Be5 27. h3 cxb4 1/2-1/2

[Event "28th Czech Open E 2018"]
[Site "Pardubice CZE"]
[Date "2018.07.13"]
[Round "3.3"]
[White "Brejnik, Gustav"]
[Black "Matejovic, Juraj"]
[Result "0-1"]
[WhiteElo "2134"]
[BlackElo "2236"]
[WhiteTeam "SIESTA SOLUTION"]
[BlackTeam "PITNY REZIM"]
[WhiteFideId "362662"]
[BlackFideId "14906040"]
[EventDate "2018.07.12"]
[EventType "team"]

1. d4 Nf6 2. c4 g6 3. g3 Bg7 4. Bg2 O-O 5. Nc3 d6 6. Nf3 c5 7. d5 Na6 8. O-O Nc7
9. a4 b6 10. e4 Nd7 11. Bf4 a6 12. Re1 f6 13. h4 Rb8 14. Bf1 Qe8 15. Ra3 Ne5 16.
Nxe5 fxe5 17. Bg5 Bd7 18. Be2 Qf7 19. Be3 Bh6 20. Qc1 Bxe3 21. Qxe3 Qf6 22. Kg2
Kg7 23. Rf1 h6 24. Qd2 g5 25. h5 Kh7 26. Nd1 g4 27. Rh1 Rg8 28. Rh4 Rbf8 29. b3
Rg5 30. Qe1 Qf7 31. Qh1 a5 32. Kg1 Ne8 33. Ra2 Nf6 34. Ne3 Nxd5 35. Nd1 Nc3 36.
Rd2 Bc6 37. Rh2 Nxd1 38. Bxd1 Bd7 39. Rh4 Qg7 40. Kf1 Rf6 41. Ke1 Qf7 42. Qh2
Kg7 43. Ke2 Bc6 44. Bc2 Rf3 45. Kf1 Rc3 46. Qh1 Rxg3 47. Bd1 Bb7 48. Ke1 Rc3 49.
Qg2 Qf4 50. Bc2 Rh3 0-1

[Event "28th Czech Open E 2018"]
[Site "Pardubice CZE"]
[Date "2018.07.13"]
[Round "3.4"]
[White "Goban, Marek"]
[Black "Hruska, Jan"]
[Result "0-1"]
[WhiteElo "2089"]
[BlackElo "2058"]
[WhiteTeam "PITNY REZIM"]
[BlackTeam "SIESTA SOLUTION"]
[WhiteFideId "14900530"]
[BlackFideId "350729"]
[EventDate "2018.07.12"]
[EventType "team"]

1. Nf3 d5 2. d4 e6 3. e3 c5 4. c3 Nc6 5. Bd3 f5 6. Ne5 Nf6 7. Nd2 Bd6 8. f4 O-O
9. O-O Ne4 10. Nxe4 fxe4 11. Be2 Bd7 12. b3 cxd4 13. exd4 Rc8 14. Kh1 Ne7 15. c4
b6 16. a4 Bc6 17. g4 Bb7 18. Be3 Nc6 19. Nxc6 Rxc6 20. Rc1 Qe7 21. cxd5 Rxc1 22.
Qxc1 Rc8 23. Qb1 Bxd5 24. Rc1 Rxc1+ 25. Qxc1 Bxb3 26. Qc8+ Qf8 27. Qxf8+ Kxf8
28. Bb5 a6 29. Bxa6 Bxa4 30. Bc4 Ke7 31. Ba2 Bc6 32. Kg1 b5 33. Kf2 b4 34. Bc1
Kf6 35. h4 h5 36. Bb2 Kg6 37. Bxe6 Bxf4 38. d5 Bb5 39. Bf5+ Kf7 40. Bxe4 hxg4
41. Bf5 g3+ 42. Kg2 Bd6 43. h5 Be2 44. Bg6+ Kf8 0-1

[Event "28th Czech Open E 2018"]
[Site "Pardubice CZE"]
[Date "2018.07.14"]
[Round "4.1"]
[White "Polak, Tomas"]
[Black "Vyprachticky, David"]
[Result "1-0"]
[WhiteTitle "GM"]
[BlackTitle "FM"]
[WhiteElo "2492"]
[BlackElo "2301"]
[WhiteTeam "MORAVSKA SLAVIA BRNO A (MCR)"]
[BlackTeam "SK OAZA PRAHA A (MCR)"]
[WhiteFideId "300560"]
[BlackFideId "346209"]
[EventDate "2018.07.12"]
[EventType "team"]

1. d4 Nf6 2. c4 e6 3. Nf3 d5 4. Nc3 Bb4 5. Bg5 dxc4 6. e4 c5 7. e5 cxd4 8. Nxd4
Bxc3+ 9. bxc3 Qa5 10. exf6 Qxg5 11. fxg7 Qxg7 12. Qd2 Bd7 13. Bxc4 Nc6 14. Nb5
Qe5+ 15. Be2 Ke7 16. f4 Qc5 17. f5 Ne5 18. Nd4 Rhg8 19. O-O Bc6 20. Rf2 Ng4 21.
Bxg4 Rxg4 22. fxe6 fxe6 23. h3 Rg6 24. Qf4 Bd5 25. c4 Bxc4 26. Rd1 e5 27. Qh4+
Ke8 28. Re1 Qe7 29. Qh5 Kd7 30. Rxe5 Qg7 31. Qf5+ Kd6 32. Nb5+ Bxb5 33. Rxb5 Qd4
34. Rxb7 Kc6 35. Qb5+ 1-0

[Event "28th Czech Open E 2018"]
[Site "Pardubice CZE"]
[Date "2018.07.14"]
[Round "4.2"]
[White "Straka, Vojtech"]
[Black "Blatny, Pavel"]
[Result "0-1"]
[WhiteTitle "FM"]
[BlackTitle "GM"]
[WhiteElo "2379"]
[BlackElo "2335"]
[WhiteTeam "SK OAZA PRAHA A (MCR)"]
[BlackTeam "MORAVSKA SLAVIA BRNO A (MCR)"]
[WhiteFideId "312509"]
[BlackFideId "300047"]
[EventDate "2018.07.12"]
[EventType "team"]

1. c4 e5 2. Nc3 d6 3. g3 Be6 4. Bg2 Nc6 5. d3 Qd7 6. Rb1 g6 7. b4 Bg7 8. b5 Nd8
9. a4 f5 10. e3 Ne7 11. Nge2 c5 12. bxc6 bxc6 13. O-O O-O 14. Ba3 Nf7 15. Qb3
Rac8 16. Qb7 Rc7 17. Qa6 g5 18. f4 exf4 19. exf4 gxf4 20. gxf4 Ng6 21. d4 Qc8
22. Qxc8 Bxc8 23. d5 c5 24. Bc1 Re7 25. Bf3 Rfe8 26. Kf2 Bf6 27. Nb5 Rb7 28. Bd2
Bd7 29. a5 Reb8 30. Nbc3 Rb2 31. Rxb2 Rxb2 32. Ke3 Bd4+ 33. Kd3 Nfe5+ 34. fxe5
Nxe5# 0-1

[Event "28th Czech Open E 2018"]
[Site "Pardubice CZE"]
[Date "2018.07.14"]
[Round "4.3"]
[White "Vojta, Tomas"]
[Black "Cuhra, Martin"]
[Result "1-0"]
[WhiteTitle "FM"]
[WhiteElo "2350"]
[BlackElo "2218"]
[WhiteTeam "MORAVSKA SLAVIA BRNO A (MCR)"]
[BlackTeam "SK OAZA PRAHA A (MCR)"]
[WhiteFideId "308781"]
[BlackFideId "327735"]
[EventDate "2018.07.12"]
[EventType "team"]

1. d4 Nf6 2. c3 b6 3. Bf4 Bb7 4. e3 e6 5. Nd2 Be7 6. h3 O-O 7. Ngf3 Ne4 8. Nxe4
Bxe4 9. Nd2 Bb7 10. Bd3 f5 11. Rg1 Bg5 12. Qe2 c5 13. Bd6 Be7 14. Bxe7 Qxe7 15.
O-O-O Nc6 16. f4 Rac8 17. Kb1 d5 18. g4 c4 19. Bc2 Rb8 20. gxf5 exf5 21. Rg5 b5
22. Rdg1 Rf7 23. Bxf5 Bc8 24. Bc2 b4 25. Qh5 Qxe3 26. Rxg7+ Rxg7 27. Qxh7+ Kf8
28. Qh8+ Ke7 29. Rxg7+ Kd6 30. Qf8+ Ne7 31. Qd8+ Kc6 32. Ba4+ 1-0

[Event "28th Czech Open E 2018"]
[Site "Pardubice CZE"]
[Date "2018.07.14"]
[Round "4.4"]
[White "Seidl, Stepan"]
[Black "Tikovsky, Alexandr"]
[Result "0-1"]
[WhiteElo "2177"]
[BlackElo "2169"]
[WhiteTeam "SK OAZA PRAHA A (MCR)"]
[BlackTeam "MORAVSKA SLAVIA BRNO A (MCR)"]
[WhiteFideId "338290"]
[BlackFideId "313009"]
[EventDate "2018.07.12"]
[EventType "team"]

1. Nf3 g6 2. e4 Bg7 3. d4 d6 4. Bd3 Nc6 5. c3 Nf6 6. h3 O-O 7. Bg5 h6 8. Be3 e5
9. dxe5 Nxe5 10. Nxe5 dxe5 11. Na3 Nh5 12. Be2 Nf4 13. Bxf4 exf4 14. Qxd8 Rxd8
15. Rd1 Rxd1+ 16. Kxd1 Bd7 17. Kc2 Ba4+ 18. b3 Bc6 19. f3 a6 20. Bc4 Rd8 21. Nb1
b5 22. Bd3 Kf8 23. Rd1 Ke7 24. Nd2 Be8 25. Be2 c5 26. Nb1 Rxd1 27. Bxd1 Kd6 28.
Nd2 Bd7 29. Be2 Ke5 30. Kd3 Bf6 31. Kc2 Bh4 32. a3 Be1 33. Kd1 Bf2 34. Kc2 Be6
35. a4 Bd7 36. axb5 axb5 0-1

[Event "28th Czech Open E 2018"]
[Site "Pardubice CZE"]
[Date "2018.07.14"]
[Round "4.1"]
[White "Natsidis, Christoph"]
[Black "Potapov, Pavel"]
[Result "0-1"]
[WhiteTitle "FM"]
[BlackTitle "GM"]
[WhiteElo "2348"]
[BlackElo "2500"]
[WhiteTeam "SCHACHGEMEINSCHAFT LEIPZIG"]
[BlackTeam "YAMAL 1"]
[WhiteFideId "24601179"]
[BlackFideId "4169786"]
[EventDate "2018.07.12"]
[EventType "team"]

1. d4 f5 2. c4 Nf6 3. g3 g6 4. Bg2 Bg7 5. Nf3 O-O 6. b4 c6 7. O-O d5 8. Nbd2 Ne4
9. Qc2 Nd7 10. Bb2 Ndf6 11. b5 cxb5 12. cxd5 Nxd2 13. Nxd2 Nxd5 14. Qb3 e6 15.
Qxb5 Bd7 16. Qb3 Bc6 17. e4 Nc7 18. exf5 Bxg2 19. Kxg2 Rxf5 20. Rac1 Rb5 21. Qc2
Nd5 22. Ne4 Nb4 23. Qe2 Qd5 24. Kg1 Nxa2 25. Rc7 Rb6 26. Ba3 Nb4 27. Bxb4 Rxb4
28. Rfc1 Rf8 29. Re7 Bxd4 30. Rcc7 Rb1+ 0-1

[Event "28th Czech Open E 2018"]
[Site "Pardubice CZE"]
[Date "2018.07.14"]
[Round "4.2"]
[White "Belyakov, Bogdan"]
[Black "Roesemann, Rainer"]
[Result "1/2-1/2"]
[WhiteTitle "IM"]
[BlackTitle "FM"]
[WhiteElo "2489"]
[BlackElo "2268"]
[WhiteTeam "YAMAL 1"]
[BlackTeam "SCHACHGEMEINSCHAFT LEIPZIG"]
[WhiteFideId "24104795"]
[BlackFideId "4610296"]
[EventDate "2018.07.12"]
[EventType "team"]

1. e4 c6 2. d4 d5 3. Nc3 dxe4 4. Nxe4 Nf6 5. Nxf6+ exf6 6. Bc4 Bd6 7. Qe2+ Qe7
8. Qxe7+ Kxe7 9. Ne2 Re8 10. Bf4 Bxf4 11. Nxf4 Bf5 12. O-O-O Kf8 13. f3 Nd7 14.
g4 Nb6 15. Bxf7 Kxf7 16. gxf5 Nc4 17. Ne6 Re7 18. Rhg1 Rg8 19. d5 cxd5 20. Rxd5
Ne3 21. Rb5 a6 22. Ra5 g5 23. c3 h5 24. b3 Nxf5 25. Nxg5+ Rxg5 26. Rxg5 fxg5 27.
Rxf5+ Kg6 28. Rf8 Re2 29. Rg8+ Kf6 30. Rf8+ 1/2-1/2

[Event "28th Czech Open E 2018"]
[Site "Pardubice CZE"]
[Date "2018.07.14"]
[Round "4.3"]
[White "Nguyen, Alex Dac-Vuong"]
[Black "Potapov, Alexander1"]
[Result "1-0"]
[BlackTitle "GM"]
[WhiteElo "2175"]
[BlackElo "2404"]
[WhiteTeam "SCHACHGEMEINSCHAFT LEIPZIG"]
[BlackTeam "YAMAL 1"]
[WhiteFideId "12984388"]
[BlackFideId "4115074"]
[EventDate "2018.07.12"]
[EventType "team"]

1. e4 c5 2. Nf3 Nc6 3. c3 Nf6 4. e5 Nd5 5. d4 cxd4 6. cxd4 g6 7. Bc4 Nb6 8. Bb3
Bg7 9. Bf4 d5 10. h3 O-O 11. O-O Bf5 12. Nc3 Na5 13. Qe2 Qd7 14. Rfc1 Rac8 15.
Bd1 f6 16. a4 g5 17. Bg3 g4 18. hxg4 Bxg4 19. b4 Nc6 20. e6 Qxe6 21. a5 Na8 22.
b5 Nb8 23. Qb2 Bh6 24. Rc2 Kh8 25. Re2 Qd7 26. Bb3 e6 27. Rae1 Nc7 28. a6 bxa6
29. bxa6 Ne8 30. Nxd5 exd5 31. Re7 Qb5 32. Rxh7+ Kxh7 33. Bc2+ Rxc2 34. Qxb5
Bxf3 35. Rxe8 Rc1+ 36. Kh2 Rf7 37. gxf3 Nc6 38. Qxd5 Kg6 39. Rg8+ Bg7 40. Qe4+
f5 41. Qe6+ Rf6 42. Qe3 Rd1 43. Be5 Nxe5 44. dxe5 Rc6 45. e6 Kh7 46. Rxg7+ Kxg7
47. e7 f4 48. Qe5+ Kh7 49. Qe4+ 1-0